ALCA: ¿de qué derechos estamos hablando? /

Guardat en:
Dades bibliogràfiques
Autor principal: León, Irene
Format: Text
Etiquetes: Afegir etiqueta
Sense etiquetes, Sigues el primer a etiquetar aquest registre!

MARC

LEADER 00000 a a2200000 04500
001 48387
003
040
100 |a León, Irene  
245 |a ALCA:   |b ¿de qué derechos estamos hablando? /  |c Irene León  
773 |g número360, (2002), páginas 23-24  
999 |c 38118  |d 38118